Statistiques concernant Carte séquentielle aléatoire des pays du monde - Extrême

Cliquez ici pour prendre le quiz!

Statistiques générales

  • Ce quiz a été pris 22 622 fois
    (19 106 depuis la dernière actualisation)
  • Le résultat moyen est 84 sur 196

Réponses sur la Carte

Les réponses sont colorées sur une échelle allant du rouge au vert en fonction du pourcentage des utilisateurs qui les ont devinées à leur premier essai. Vous pouvez retrouver ces pourcentages ci-dessous.
 

Statistiques - réponses

Pays% Correct
Afrique du Sud
46%
Australie
46%
Brésil
46%
Canada
46%
Chili
46%
Chine
46%
Danemark
46%
Égypte
46%
Espagne
46%
Etats-Unis
46%
France
46%
Inde
46%
Italie
46%
Japon
46%
Maroc
46%
Mexique
46%
Norvège
46%
Royaume-Uni
46%
Russie
46%
Suède
46%
Algérie
45%
Allemagne
45%
Arabie Saoudite
45%
Argentine
45%
Croatie
45%
Cuba
45%
Finlande
45%
Grèce
45%
Indonésie
45%
Islande
45%
Kazakhstan
45%
Madagascar
45%
Mali
45%
Mongolie
45%
Nouvelle-Zélande
45%
Pérou
45%
Philippines
45%
Portugal
45%
Thaïlande
45%
Turquie
45%
Ukraine
45%
Viêt Nam
45%
Autriche
44%
Birmanie
44%
Bolivie
44%
Chypre
44%
Colombie
44%
Corée du Nord
44%
Corée du Sud
44%
Estonie
44%
Iran
44%
Irlande
44%
Laos
44%
Lesotho
44%
Libye
44%
Mauritanie
44%
Népal
44%
Pakistan
44%
Papouasie-Nouvelle-Guinée
44%
Paraguay
44%
Pologne
44%
République démocratique du Congo
44%
Somalie
44%
Soudan
44%
Sri Lanka
44%
Uruguay
44%
Venezuela
44%
Albanie
43%
Andorre
43%
Angola
43%
Bahamas
43%
Biélorussie
43%
Cap-Vert
43%
Comores
43%
Éthiopie
43%
Guyana
43%
Israël
43%
Lettonie
43%
Lituanie
43%
Malaisie
43%
Malte
43%
Monaco
43%
Mozambique
43%
Namibie
43%
Niger
43%
Oman
43%
Ouzbékistan
43%
Panama
43%
Pays-Bas
43%
Roumanie
43%
Sénégal
43%
Suisse
43%
Taïwan
43%
Tchad
43%
Tunisie
43%
Vatican
43%
Yémen
43%
Afghanistan
42%
Bangladesh
42%
Belgique
42%
Bénin
42%
Bhoutan
42%
Bosnie-Herzégovine
42%
Botswana
42%
Bulgarie
42%
Cambodge
42%
Équateur
42%
Érythrée
42%
Eswatini
42%
Gambie
42%
Géorgie
42%
Ghana
42%
Guinée équatoriale
42%
Haïti
42%
Hongrie
42%
Île Maurice
42%
Irak
42%
Jordanie
42%
Kiribati
42%
Kosovo
42%
Liechtenstein
42%
Luxembourg
42%
Malawi
42%
Micronésie
42%
Moldavie
42%
Nicaragua
42%
République tchèque
42%
Saint-Marin
42%
Sao Tomé-et-Principe
42%
Seychelles
42%
Slovaquie
42%
Suriname
42%
Syrie
42%
Tanzanie
42%
Togo
42%
Turkménistan
42%
Zambie
42%
Zimbabwe
42%
Azerbaïdjan
41%
Belize
41%
Brunei
41%
Burundi
41%
Cameroun
41%
Costa Rica
41%
Côte d'Ivoire
41%
Émirats arabes unis
41%
Fidji
41%
Gabon
41%
Guatemala
41%
Honduras
41%
Îles Marshall
41%
Jamaïque
41%
Kenya
41%
Kirghizistan
41%
Liban
41%
Liberia
41%
Macédoine du Nord
41%
Maldives
41%
Monténégro
41%
Nigeria
41%
République Centrafricaine
41%
Rwanda
41%
Salomon
41%
Serbie
41%
Singapour
41%
Soudan du Sud
41%
Tadjikistan
41%
Timor oriental
41%
Arménie
40%
Bahreïn
40%
Burkina Faso
40%
Djibouti
40%
Guinée
40%
Guinée-Bissau
40%
Koweït
40%
Nauru
40%
Ouganda
40%
Palaos
40%
Qatar
40%
République dominicaine
40%
Sainte-Lucie
40%
Salvador
40%
Samoa
40%
Sierra Leone
40%
Slovénie
40%
Tonga
40%
Trinité-et-Tobago
40%
Tuvalu
40%
Vanuatu
40%
Antigua-et-Barbuda
39%
Barbade
39%
Grenade
39%
République du Congo
39%
Saint-Christophe- et-Niévès
39%
Saint-Vincent-et-les-Grenadines
39%
Dominique
38%

Distribution des résultats

Percentile par nombre de réponses

% des personnes avec chaque résultat

Votre développement - résultats

Vous n’avez pas pris ce quiz depuis la dernière actualisation